Allemagne - Choix Multiples - Statistiques

Statistiques générales
  • Ce quiz a été pris 54 fois
  • Le résultat moyen est 11 sur 15
Statistiques - réponses
Question Réponse % Correct
En quelle année le Mur de Berlin a-t-il chuté ? 1989
98%
Comment s’appelle la célèbre autoroute allemande sans limitation de vitesse sur certains tronçons ? Autobahn
93%
Quel parc d’attraction Allemand à succès a été élu 9 fois meilleur parc d’attraction du monde ? Europa-park
86%
Quelle ville allemande est le siège de la Banque centrale européenne ? Francfort
86%
Quel événement mondial a lieu chaque année à Munich ? L’Oktoberfest
86%
Qui est l’auteur de la Théorie de la relativité, né à Ulm en Allemagne ? Albert Einstein
84%
Quel pays n’est PAS frontalier de l’Allemagne ? Italie
84%
Quel fleuve traverse la ville de Cologne et délimite la frontière franco-allemande ? Rhin
84%
Avec quel président français le chancelier Konrad Adenauer a-t-il signé le traité de l’Elysée en 1963 ? Charles De Gaulle
79%
Quelle marque a crée Adolf Dassler, célèbre dans le monde du sport et de la mode en opposition à son frère ? Adidas
67%
Quel château a inspiré celui de la Belle au bois dormant de Disney ? Château de Neuschwanstein
67%
Quel philosophe allemand a écrit Ainsi parlait Zarathoustra ? Friedrich Nietzsche
60%
Quelle est la plus grande ville d’Allemagne (par population) ? Berlin
53%
Quel club de football Allemand a mis fin à une série consécutives de 11 titres de champions d’Allemagne du Bayern Munich lors de la saison 2023/2024 ? Bayer 04 Leverkusen
51%
Quel compositeur classique est né à Bonn ? Beethoven
44%
Aucun quiz correspondant
Distribution des résultats
% des personnes avec chaque résultat
Percentile par nombre de réponses
Votre historique - résultats
Vous n’avez pas pris ce quiz